Deskriptivní geometrie 2

Na minha lista:
Detalhes bibliográficos
Formato: Livro
Idioma:tcheco
Publicado em: Praha Státní nakladatelství technické literatury 1984
Edição:3. nezměn. vyd.
Tags: Adicionar Tag
Sem tags, seja o primeiro a adicionar uma tag!

MARC

LEADER 00000nam a2200000 4500
001 c115732
005 20250701074037.1
041 0 |a cze 
044 |a CZ 
245 1 0 |a Deskriptivní geometrie 2  |c Alois Urban 
250 |a 3. nezměn. vyd. 
264 1 |a Praha  |b Státní nakladatelství technické literatury  |c 1984 
300 |a 303 s.